| 000 | 00975nam a22001937a 4500 | ||
|---|---|---|---|
| 003 | OSt | ||
| 005 | 20260122194100.0 | ||
| 008 | 230308b ||||| |||| 00| 0 eng d | ||
| 040 | _cOst | ||
| 041 | _ashan | ||
| 082 | _a294.34433 | ||
| 245 |
_aပပ်ႉထမ်းၵႂၢမ်းဝႆႈၽြႃးလႄႈၵမ်ႇမထၢၼ်းၸဝ်ႈၽြႃးထံးဝုၼ်းၸုမ်ႉ _bဝတ်ႉၾႃႉထၢတ်ႈလွၼ်းလိူင်းဢိူင်ႇမိူင်းၽူင်းသၢႆလႅၼ်မိူင်းၸုဝဵင်းတႃႈၶီႈလဵၵ်း _cၸၢႆးၶိူဝ်းလီ ၶပ်းၶိုင်- |
||
| 260 |
_bဝူင်းဝၼ်း _c1999 |
||
| 300 |
_a61 ၼႃႈ _bလွၵ်းၸဝ်ႈတႃႇၼ _c21 ၸိၼ်ႇထီႇ |
||
| 500 | _aS-SAT: Dr. Prof Sai Aung Tun | ||
| 650 |
_aထမ်းဝႆႈၽြႃး _920673 |
||
| 942 | _cBK1 | ||
| 942 | _2ddc | ||
| 999 |
_c22988 _d22988 |
||